000 00263nam a22001217a 4500
008 170615b xxu||||| |||| 00| 0 eng d
041 _aeng
080 _a327
100 _a19
101 _aSHP
245 _aWESTERN CIVLIZATION
_cSPILVOGEL.J.J
942 _2udc
_cBK
999 _c17576
_d17576